00440nam a22001457a 450000500170000000800410001702000160005804100120007408200120008610000130009824500770011126000560018830000250024465000250026920240809082903.0240809b |||||||| |||| 00| 0 eng d a040901673 X aEnglish a349 SOU lEnglish  aButterworths Index and Noter-Up to the South African Law Reports 1980-89 aDurban: bButterworths Publishers (Pty) Ltd,c1990  b982 pages; c25 cm.  aLegal practice bLaw